000
00201nam a22000857a 4500
100
_a
Justin, C.M.
245
_a
Maathrukayayi nottamala estate
260
_b
Rubber, 689(October): 18-19.
_c
2023
942
_c
JS
999
_c
75162
_d
75162